| 000 | 00749cab a2200217 4500 | ||
|---|---|---|---|
| 001 | WB2925-43 | ||
| 008 | 090401t1993 xxu||||| |||| 00| 0 eng d | ||
| 035 | _a(Sirsi) u62982 | ||
| 041 | _aeng | ||
| 245 | _aClients rank skill above cost | ||
| 260 | _c1993 | ||
| 350 | _a0 | ||
| 490 |
_aNew Builder _v(180) 25 June 1993, 11(1) |
||
| 520 | _aA Salford University study of client attitudes to employing building surveyors shows that technical proficiency, professionalism and speed of response are far more important than the level of fees. | ||
| 650 | _aBUILDING SURVEYORS | ||
| 650 | _aCLIENTS REQUIREMENTS | ||
| 650 | _aCONSULTANTS | ||
| 690 | _aMANAGEMENT-BUSINESS MANAGEMENT-PROFESSIONAL PRACTICE | ||
| 942 | _n0 | ||
| 948 | _c04/03/1997 | ||
| 999 |
_c39142 _d39142 |
||